000
00291nam a22001337a 4500
008
170612b xxu||||| |||| 00| 0 eng d
020
_a
9780321396532
041
_a
eng
080
_2
6TH
_a
32
100
_a
19
101
_a
SHP
245
_a
IDEALS AND IDEOLOGIES
_c
BALL,T
942
_2
udc
_c
BK
999
_c
16836
_d
16836